| 000 | 01007nam a2200373 a 4500 | ||
|---|---|---|---|
| 003 | AR-BaBNM | ||
| 005 | 20251128204932.0 | ||
| 008 | 082120s2002 ||||||||||||||000 | spa|| | ||
| 020 | _a84-277-0355-4 | ||
| 040 | _cAR-BaBNM | ||
| 100 | 1 | _aRoberts, Thomas | |
| 245 | 0 | 0 |
_aCuatro psicologías aplicadas a la educación _bfreudiana/transpersonal. 1 |
| 260 |
_aMadrid _bNarcea _c1978 |
||
| 300 |
_a312 p. _bgráfs. |
||
| 490 | 0 | _aEducación hoy. Estudios | |
| 500 | _aContiene índice de autores | ||
| 500 | _aContiene índice de nombres | ||
| 500 | _aContiene índice temático | ||
| 650 | 4 | _aPSICOLOGIA DE LA EDUCACION | |
| 650 | 4 | _aPSICOANALISIS | |
| 650 | 4 | _aPEDAGOGIA | |
| 650 | 4 | _aCOMPORTAMIENTO | |
| 650 | 4 | _aESCUELAS | |
| 650 | 4 | _aAFECTIVIDAD | |
| 650 | 4 | _aIMAGINACION | |
| 650 | 4 | _aINTELIGENCIA | |
| 650 | 4 | _aATENCION | |
| 650 | 4 | _aPSICOSOMATICA | |
| 650 | 4 | _aADOLESCENCIA | |
| 650 | 4 | _aFAMILIA | |
| 700 | 1 |
_aCameno, Aurora _etraductor |
|
| 942 | _cBK | ||
| 998 | _cEnrique | ||
| 999 |
_c9397 _d9397 |
||